1342 1184 1712 1866 1725 1847 1773 1055 1762 1848 1893 1966 1649 1767 1806 1194 1062 1008 1379 1715 1769 1589 1569 1357 1137 1955 1356 1334 1465 1054 1793 1419 1626 1629 1301 1110 1906 1612 1344 1804 1173 1511 1678 1536 1946 1413 1838 1593 1259 1470 1567 1632 1279 1946 1212 1104 1509 1917 1460 1329 1041 1143 1574 1344 1959 1394 1394 1998 1269 1296 1693 1868 1015 1388 1236 1881 1458 1157 1762 1866 1316 1245 1285 1383 1185 1036 1078 1080 1689 1569 1185 1203 1475 1676 1863 1957 1802 1889 1444 BCNSPRNW ULIB Ver.6.0+V

เปลี่ยนเป็นภาษาไทย

Change to English
 แสดงรายละเอียดบรรณานุกรม
  กลับหน้าหลัก

Brief Record : Get Marc (ISO 2709) : E-mail record : QR code < ปิดหน้าต่าง
LEADER : 00000nam 2200000uu 4500
001    13399126460
003     ULIB
008    180918s||||||||th 000 0 tha d
020    ^a9789740334385
050  4 ^aH 62^bก966ก
100 0  ^aโกสินทร์ จำนงไทย
245 10 ^aการทำวิจัยและเขียนบทความวิจัยในสายวิศวกรรมศาสตร์ เทคโนโลยี และวิทยาศาสตร์ =^bResearch and research-paper writing in engineering, technology, and science /^cโกสินทร์ จำนงไทย
246 31 ^aResearch and research-paper writing in engineering, technology, and science
260    ^aกรุงเทพฯ :^bสำนักพิมพ์แห่งจุฬาลงกรณ์มหาวิทยาลัย,^c2559
300    ^a287 หน้า :^bภาพประกอบ
504    ^aบรรณานุกรมท้ายเล่ม
650  4 ^aการเขียนทางวิชาการ
650  4 ^aเทคโนโลยี^xวิจัย
650  4 ^aการเขียนบทความ
650  4 ^aวิจัย^xเทคโนโลยี
650  4 ^aวิจัย^xบทความ
650  4 ^aวิจัย^xวิทยาศาสตร์
650  4 ^aวิจัย^xวิศวกรรมศาสตร์
945    ^p300^l0^i26669
945    ^p300^l0^i26688
999    ^aกัณชพร จุลอักษร
รายการนี้ยังไม่มีแท็ก
คุณยังไม่ได้ล็อกอิน คุณสามารถมีกิจกรรมร่วมกับเว็บไซต์ได้ แต่ต้องล็อกอินก่อน ::
  ล็อกอิน

รายการสื่อสารสนเทศ

ลำดับที่ ประเภท เลขเรียก/บาร์โค้ด สถานที่ สถานะ
1. หนังสือสำรอง
หนังสือสำรอง
H 62 ก966ก ฉ.1 
  Barcode: 26669
ห้องสมุดวิทยาเขตนครสวรรค์
►หนังสือทั่วไป:l:General Books
บนชั้น
2. วิทยาศาสตร์การแพทย์ และสุขภาพ
วิทยาศาสตร์การแพทย์ และสุขภาพ
H 62 ก966ก ฉ.2 
  Barcode: 26688
ห้องสมุดวิทยาเขตนครสวรรค์
►หนังสือทั่วไป:l:General Books
บนชั้น

รายการใกล้เคียง
    ผู้แต่ง [โกสินทร์ จำนงไทย]

    หัวเรื่อง [การเขียนทางวิชาการ]
    หัวเรื่อง [การเขียนบทความ]

BibComment


ยังไม่เคยถูกคอมเมนท์

คอมเมนท์ทรัพยากรรายการนี้
  คอมเมนท์: การทำวิจัยและเขี..


 Copyright 2026. Bcnsprnw @Library